Ibn Khaldūn and Tamerlane: (Record no. 23667)

MARC details
000 -LEADER
fixed length control field 01064cam a22002651 4500
001 - CONTROL NUMBER
control field 6505990
003 - CONTROL NUMBER IDENTIFIER
control field BDDh-ASL
005 - DATE AND TIME OF LATEST TRANSACTION
control field 20231015030254.0
008 - FIXED-LENGTH DATA ELEMENTS--GENERAL INFORMATION
fixed length control field 761011s1952 cau 000 0 eng
010 ## - LIBRARY OF CONGRESS CONTROL NUMBER
LC control number 52062235
035 ## - SYSTEM CONTROL NUMBER
System control number (OCoLC)2494406
040 ## - CATALOGING SOURCE
Original cataloging agency DLC
Transcribing agency TxU-Da
Modifying agency DLC
-- BDDh-ASL
050 00 - LIBRARY OF CONGRESS CALL NUMBER
Classification number DS23
Item number .I22
082 ## - DEWEY DECIMAL CLASSIFICATION NUMBER
Classification number 928.927
Item number FII
100 0# - MAIN ENTRY--PERSONAL NAME
Personal name Ibn Khaldūn,
Dates associated with a name 1332-1406.
245 10 - TITLE STATEMENT
Title Ibn Khaldūn and Tamerlane:
Remainder of title their historic meeting in Damascus, 1401 a.d. (803 a. h.) A study based on Arabic manuscripts of Ibn Khaldūn's "Autobiography," /
Statement of responsibility, etc. with a translation into English, and a commentary by Walter J. Fischel.
260 ## - PUBLICATION, DISTRIBUTION, ETC.
Place of publication, distribution, etc. Berkeley :
Name of publisher, distributor, etc. University of California Press,
Date of publication, distribution, etc. 1952.
300 ## - PHYSICAL DESCRIPTION
Extent x, 149 p. :
Other physical details illus., facsims
Dimensions 24 cm.
504 ## - BIBLIOGRAPHY, ETC. NOTE
Bibliography, etc. note Bibliography: p. 125-137.
600 00 - SUBJECT ADDED ENTRY--PERSONAL NAME
Personal name Timur,
Dates associated with a name 1336-1405
Form subdivision Early works to 1800.
700 1# - ADDED ENTRY--PERSONAL NAME
Personal name Fischel, Walter Joseph,
Dates associated with a name 1902-1973,
Relator term ed. and tr.
906 ## - LOCAL DATA ELEMENT F, LDF (RLIN)
a 7
b cbc
c oclcrpl
d u
e ncip
f 19
g y-gencatlg
942 ## - ADDED ENTRY ELEMENTS (KOHA)
Source of classification or shelving scheme Dewey Decimal Classification
Koha item type Books
Holdings
Withdrawn status Lost status Source of classification or shelving scheme Damaged status Not for loan Collection code Home library Current library Shelving location Date acquired Source of acquisition Total Checkouts Full call number Barcode Date last seen Copy number Price effective from Koha item type Public note
    Dewey Decimal Classification     Non-fiction Asiatic Society Library Asiatic Society Library General Stacks 04/01/2021 ASB Library Collections   928.927 FII 108166 04/01/2021 C-1 04/01/2021 Books RARE

Powered by Koha